Sylvester Stallone Movies - Statistics

General Stats
  • This quiz has been taken 57 times
    39 since last reset
  • The average score is 31 of 90
Answer Stats
Hint Answer % Correct
1976 Rocky
100%
2006 Rocky Balboa
100%
1982 First Blood
96%
2008 Rambo
96%
1979 Rocky II
92%
1985 Rocky IV
92%
2015 Creed
88%
2010 The Expendables
88%
1982 Rocky III
85%
1990 Rocky V
85%
2012 The Expendables 2
81%
1993 Cliffhanger
77%
2014 The Expendables 3
77%
2018 Creed II
73%
1986 Cobra
69%
1995 Judge Dredd
69%
2013 Escape Plan
65%
1989 Tango and Cash
65%
1997 Cop Land
62%
1993 Demolition Man
62%
1985 Rambo: First Blood Part II
62%
1988 Rambo III
62%
2019 Rambo: Last Blood
58%
1992 Stop! Or My Mom Will Shoot
58%
1987 Over the Top
54%
1994 The Specialist
54%
1996 Daylight
50%
1975 Death Race 2000
46%
2017 Guardians of the Galaxy Vol. 2
46%
1995 Assassins
42%
1978 F.I.S.T.
42%
2023 The Expendables 4
42%
2021 The Suicide Squad
42%
1998 Antz
38%
2000 Get Carter
38%
1991 Oscar
38%
1984 Rhinestone
38%
2012 Bullet to the Head
35%
2018 Escape Plan 2: Hades
35%
2023 Guardians of the Galaxy Vol. 3
35%
2022 Samaritan
35%
1989 Lock Up
31%
1971 Bananas
27%
1981 Nighthawks
27%
1978 Paradise Alley
27%
1983 Staying Alive
27%
1974 The Lords of Flatbush
27%
2001 Driven
23%
2019 Escape Plan: The Extractors
23%
2002 Eye See You
23%
2013 Grudge Match
23%
2016 Ratchet and Clank
23%
2003 Taxi 3
23%
2011 Zookeeper
23%
2002 Avenging Angelo
19%
1970 The Party at Kitty and Stud's
19%
1981 Victory
19%
2017 Animal Crackers
15%
1976 Cannonball!
15%
1975 Capone
15%
1975 Farewell, My Lovely
15%
2014 Reach Me
15%
2003 Shade
15%
2018 Backtrace
12%
1973 No Place to Hide
12%
2003 Spy Kids 3D: Game Over
12%
1975 The Prisoner of Second Avenue
12%
2009 Kambakkht Ishq
8%
1997 The Good Life
8%
1969 The Square Root
8%
2013 Homefront
4%
1970 The Sidelong Glances of a Pigeon Kicker
4%
1997 An Alan Smithee Film: Burn Hollywood Burn
0%
2006 Deaden
0%
2002 Father Lefty
0%
1985 Heart of a Champion: The Ray Mancini Story
0%
TBD Little America
0%
2007 Love and Mary
0%
2021 MVP
0%
2017 Night Job
0%
TBD Punk
0%
2007 Resurrecting the Champ
0%
2007 Son of Rambow
0%
TBD Street Justice
0%
2008 Ten Empty
0%
2019 The Gangster, the Cop, the Devil
0%
TBD The Gangster, the Cop, the Devil remake
0%
2016 The Last Hours of Che Guevara
0%
TBD Tough As They Come
0%
TBD Untitled Female Expendables
0%
No matching quizzes found
Score Distribution
Percent of People with Each Score
Percentile by Number Answered
Your Score History
You have not taken this quiz since the last reset